|
|
|
|
| LEADER |
00000cam a2200000 c 4500 |
| 001 |
1077626606 |
| 003 |
DE-627 |
| 005 |
20220706142858.0 |
| 007 |
tu |
| 008 |
850101s1978 xx ||||| m 00| ||ger c |
| 035 |
|
|
|a (DE-627)1077626606
|
| 035 |
|
|
|a (DE-576)007626606
|
| 035 |
|
|
|a (DE-599)BSZ007626606
|
| 035 |
|
|
|a (OCoLC)310472957
|
| 035 |
|
|
|a (OCoLC)310472957
|
| 035 |
|
|
|a (DE-604)8033330271
|
| 040 |
|
|
|a DE-627
|b ger
|c DE-627
|e rakwb
|
| 041 |
|
|
|a ger
|
| 100 |
1 |
|
|a Nickl, Rolf
|d 1945-
|0 (DE-588)1145485111
|0 (DE-627)1005603715
|0 (DE-576)162377142
|4 aut
|
| 109 |
|
|
|a Nickl, Rolf 1945-
|
| 245 |
1 |
4 |
|a Das Schweigen des Beschuldigten und seine Bedeutung fuer die Beweiswuerdigung
|c Rolf Nickl
|
| 264 |
|
1 |
|c 1978
|
| 300 |
|
|
|a XVIII, 79 S.
|
| 336 |
|
|
|a Text
|b txt
|2 rdacontent
|
| 337 |
|
|
|a ohne Hilfsmittel zu benutzen
|b n
|2 rdamedia
|
| 338 |
|
|
|a Band
|b nc
|2 rdacarrier
|
| 502 |
|
|
|a München, Univ., Diss., 1978
|
| 655 |
|
7 |
|a Hochschulschrift
|0 (DE-588)4113937-9
|0 (DE-627)105825778
|0 (DE-576)209480580
|2 gnd-content
|
| 689 |
0 |
0 |
|d s
|0 (DE-588)4193611-5
|0 (DE-627)105225797
|0 (DE-576)210088613
|a Aussagefreiheit
|2 gnd
|
| 689 |
0 |
|
|5 (DE-627)
|
| 689 |
1 |
0 |
|d s
|0 (DE-588)4144883-2
|0 (DE-627)105595004
|0 (DE-576)209737301
|a Beschuldigter
|2 gnd
|
| 689 |
1 |
1 |
|d s
|0 (DE-588)4193611-5
|0 (DE-627)105225797
|0 (DE-576)210088613
|a Aussagefreiheit
|2 gnd
|
| 689 |
1 |
|
|5 (DE-627)
|
| 689 |
2 |
0 |
|d s
|0 (DE-588)4144883-2
|0 (DE-627)105595004
|0 (DE-576)209737301
|a Beschuldigter
|2 gnd
|
| 689 |
2 |
1 |
|d s
|0 (DE-588)4130609-0
|0 (DE-627)105701319
|0 (DE-576)209620412
|a Schweigen
|2 gnd
|
| 689 |
2 |
|
|5 (DE-627)
|
| 751 |
|
|
|a München
|0 (DE-588)4127793-4
|0 (DE-627)105722073
|0 (DE-576)209596570
|4 uvp
|
| 951 |
|
|
|a BO
|
| ELC |
|
|
|b 1
|
| LOK |
|
|
|0 000 xxxxxcx a22 zn 4500
|
| LOK |
|
|
|0 001 2873284323
|
| LOK |
|
|
|0 003 DE-627
|
| LOK |
|
|
|0 004 1077626606
|
| LOK |
|
|
|0 005 20151116135323
|
| LOK |
|
|
|0 008 150728||||||||||||||||ger|||||||
|
| LOK |
|
|
|0 035
|a (DE-21-110)kd33668
|
| LOK |
|
|
|0 040
|a DE-21-110
|c DE-627
|d DE-21-110
|
| LOK |
|
|
|0 689
|a s
|a Strafprozessrecht
|
| LOK |
|
|
|0 852
|a DE-21-110
|
| LOK |
|
|
|0 852 1
|c F IV 174
|m p
|9 00
|
| LOK |
|
|
|0 935
|a k110
|
| LOK |
|
|
|0 938
|k p
|
| LOK |
|
|
|0 939
|a 28-07-15
|b l01
|
| ORI |
|
|
|a SA-MARC-krimdoka001.raw
|
| SIG |
|
|
|a IFK: F IV 174
|